Best practice guide for Professional Indemnity insurance when using BIM (Record no. 115376)
[ view plain ]
| 000 -LEADER | |
|---|---|
| fixed length control field | 00853cad a2200217 4500 |
| 001 - CONTROL NUMBER | |
| control field | L158551 |
| 008 - FIXED-LENGTH DATA ELEMENTS--GENERAL INFORMATION | |
| fixed length control field | 110505u2013 000 0 eng u |
| 035 ## - SYSTEM CONTROL NUMBER | |
| System control number | (Sirsi) u158551 |
| 041 0# - LANGUAGE CODE | |
| Language code of text/sound track or separate title | eng |
| 110 2# - MAIN ENTRY--CORPORATE NAME | |
| Corporate name or jurisdiction name as entry element | Construction Industry Council |
| 9 (RLIN) | 2417 |
| 245 ## - TITLE STATEMENT | |
| Title | Best practice guide for Professional Indemnity insurance when using BIM |
| Medium | [electronic resource] |
| 260 ## - PUBLICATION, DISTRIBUTION, ETC. | |
| Place of publication, distribution, etc. | London |
| Name of publisher, distributor, etc. | Construction Industry Council |
| Date of publication, distribution, etc. | 2013 |
| 520 ## - SUMMARY, ETC. | |
| Summary, etc. | Deals with those aspects of BIM which relate to Professional Indemnity insurance. |
| 590 ## - LOCAL NOTE (RLIN) | |
| Local note | KA NTK |
| 650 ## - SUBJECT ADDED ENTRY--TOPICAL TERM | |
| Topical term or geographic name entry element | PROFESSIONAL INDEMNITY INSURANCE |
| 650 ## - SUBJECT ADDED ENTRY--TOPICAL TERM | |
| Topical term or geographic name entry element | BIM |
| 9 (RLIN) | 6219 |
| 651 #4 - SUBJECT ADDED ENTRY--GEOGRAPHIC NAME | |
| Geographic name | United Kingdom |
| Chronological subdivision | |
| 690 ## - LOCAL SUBJECT ADDED ENTRY--TOPICAL TERM (OCLC, RLIN) | |
| Topical term or geographic name as entry element | BIM |
| 9 (RLIN) | 6219 |
| 856 40 - ELECTRONIC LOCATION AND ACCESS | |
| Uniform Resource Identifier | <a href="https://cic.org.uk/download.php?f=best-practice-guide-for-professional-indemnity-insurance-when-using-bim.pdf">https://cic.org.uk/download.php?f=best-practice-guide-for-professional-indemnity-insurance-when-using-bim.pdf</a> |
| Public note | View this item free of charge at www.cic.org.uk |
| 942 ## - ADDED ENTRY ELEMENTS (KOHA) | |
| Suppress in OPAC | 0 |
| Withdrawn status | Lost status | Source of classification or shelving scheme | Damaged status | Not for loan | Home library | Current library | Shelving location | Date acquired | Total Checkouts | Full call number | Barcode | Date last seen | Copy number | Price effective from | Koha item type |
|---|---|---|---|---|---|---|---|---|---|---|---|---|---|---|---|
| Dewey Decimal Classification | Virtual | Virtual | Online | 21/04/2015 | ONLINE PUBLICATION | 158551-2001 | 06/08/2019 | 1 | 06/08/2019 | Book |